01029nam a2200253 i 4500001000300000003000400003005001700007008003900024040000800063080001200071080000900083245028200092260002100374650002700395650002400422655002900446700001400475700002500489710005200514710003600566700004400602710003100646856009800677bgBPK20220324134918.0 s1978 pl f |100 0 fre cBPK a624.131 a(06)00aComptes rendus du Collogue franco-polonais sur la mecanique des sols appliquee :bGdańsk, 19-21 Septembre, 1978 /ced. by E. Dembicki and J. Kłos, M. Topolnicki ; Politechnika Gdańska. Instytut Hydrotechniki and Naczelna Organizacja Techniczna, Polski Komitet Geotechniki. aGdańsk,c1978. 4aGeologia inżynierska 4aMechanika gruntów 4aMateriały konferencyjne1 aKłos, J.1 aTopolnicki, Michał.2 aPolitechnika GdańskabInstytut Hydrotechniki.2 aNaczelna Organizacja Techniczna1 aDembicki, Eugeniuszd(1929- )eRedakcja2 aPolski Komitet Geotechniki uhttp://koha.tu.koszalin.pl/cgi-bin/koha/opac-detail.pl?biblionumber=18275yKatalog online BPK